| 000 | 00346nam a2200133Ia 4500 | ||
|---|---|---|---|
| 999 |
_c15303 _d15303 |
||
| 082 | _a025.48 RAM-; | ||
| 100 | _aRamakrishnan, M.N. | ||
| 245 | 0 | _aIndexing systems and techniques | |
| 260 |
_aTrivandrum _bLakshmisree Publications _c1986 |
||
| 300 | _a134 p. | ||
| 650 | _aIndexing - Study and teaching | ||
| 650 | _aLibrary science | ||
| 942 | _cBK | ||